[Event "Dundee & Angus Major"]
[Site "Dundee"]
[Date "2012.10.??"]
[Round "5"]
[White "Wynne, Stuart"]
[Black "Harkins, William"]
[Result "1/2-1/2"]
[WhiteElo "1249"]
[BlackElo "1444"]
[PlyCount "45"]
[EventDate "2012.10.12"]
[EventType "swiss"]
[EventRounds "5"]
[EventCountry "SCO"]
[SourceTitle "EXT 2023"]
[Source "ChessBase"]
[SourceDate "2022.10.05"]
[SourceVersion "1"]
[SourceVersionDate "2022.10.05"]
[SourceQuality "1"]

1. c4 e6 2. g3 d5 3. cxd5 exd5 4. Bg2 c6 5. Nf3 Nf6 6. 0-0 Bd6 7. d3 0-0 8. b3 Re8 9. Bb2 Nbd7 10. Nbd2 Ne5 11. Nxe5 Bxe5 12. Bxe5 Rxe5 13. Nf3 Re8 14. b4 Qe7 15. Qb3 a6 16. Rfe1 Bf5 17. a3 Qc7 18. Rac1 Qb6 19. Qc3 Rad8 20. Qc5 Qxc5 21. Rxc5 Bg6 22. d4 Be4 23. Nd2 1/2-1/2